000 00287nam a22001337a 4500
008 170609b xxu||||| |||| 00| 0 eng d
020 _a0813114837
041 _aeng
080 _a94
100 _a17
101 _aSHH
245 _aCROSS-ROADS OF DECISION
_cJABLON,H
942 _2udc
_cBK
999 _c16621
_d16621